| 000 | 00673nam a22002057a 4500 | ||
|---|---|---|---|
| 999 |
_c17157 _d17157 |
||
| 003 | AR-CdUCM | ||
| 008 | 190507b ||||| |||| 00| 0 spa d | ||
| 040 |
_aMUNICIPALIDAD PROVINCIAL DEL CUSCO _cBIBLIOTECA MUNICIPAL DEL CUSCO |
||
| 082 |
_a193 / _bS31 |
||
| 100 |
_aSchopenhauer, Arturo _916820 |
||
| 245 | _aAlrededor de la filosofía / | ||
| 260 |
_aBuenos Aires : _bTor, |
||
| 300 |
_a125 páginas ; _c19 cm. |
||
| 505 | _aDe la Psicología -- De la historia de la Filosofia -- De la educación -- Del derecho y la policía -- | ||
| 650 |
_aFIlosofia. _9395 |
||
| 650 |
_aPsicología. _91538 |
||
| 650 |
_aPolicía. _932133 |
||
| 942 |
_2ddc _cLIBROS |
||
| 945 | _awfj | ||